31604nam a22028457a 4500003000400000005001700004008004100021040005100062100001700113245001900130260004500149300000800194942001200202999001700214952011500231952011500346952011500461952013900576952013900715952013900854952013900993952013901132952013901271952013901410952013901549952013901688952013901827952013901966952011502105952011502220952011502335952011502450952011502565952013902680952013902819952013902958952013903097952011503236952011503351952011503466952011503581952013903696952011503835952011503950952013904065952013904204952011504343952013904458952013904597952013904736952013904875952013905014952013905153952013905292952013905431952013905570952013905709952013905848952011505987952013906102952013906241952011506380952011506495952011506610952011506725952013906840952013906979952013907118952013907257952011507396952013907511952013907650952011507789952011507904952013908019952013908158952011508297952011508412952011508527952013908642952011508781952011508896952013909011952011509150952011509265952013909380952013909519952013909658952011509797952011509912952011510027952013910142952013910281952011510420952011510535952013910650952013910789952013910928952013911067952011511206952011511321952013911436952013911575952013911714952013911853952011511992952011512107952013912222952013912361952013912500952011512639952013912754952013912893952013913032952013913171952011513310952011513425952011513540952011513655952013913770952013913909952011514048952013914163952013914302952013914441952011514580952013914695952013914834952011514973952013915088952011515227952013915342952011515481952013915596952011515735952013915850952011515989952011516104952013916219952013916358952013916497952013916636952013916775952013916914952011517053952011517168952013917283952011517422952013917537952013917676952011517815952011517930952013918045952011518184952013918299952011518438952011518553952013918668952011518807952013918922952013919061952011519200952011519315952011519430952011519545952011519660952011519775952011519890952013920005952013920144952011520283952013920398952013920537952011520676952011520791952013920906952011521045952011521160952013921275952011521414952011521529952011521644952011521759952013921874952012722013952013922140952011522279952011522394952011522509952011522624952011522739952013922854952011522993952011523108952013923223952011523362952011523477952011523592952011523707952011523822952011523937952013924052952013924191952011524330952011524445952011524560952011524675952011524790952011524905952013925020952013925159952013925298952013925437952011525576952011525691952011525806952011525921952013926036952011526175952013926290952011526429952013926544952011526683952011526798952013926913952011527052952013927167952011527306952011527421952011527536952011527651952011527766952013927881952013928020952011528159952013928274952011528413952011528528952011528643OSt20260210124419.0260210b |||||||| |||| 00| 0 eng d cIIMT UNIVERSITY CENTRAL LIBRARY2-GREATER NOIDA aLUTHRA H. R. aMATHEMATICS-II aMEERUTbBHARAT BHARTI PRAKASHANc2025-26 a323 2ddcc02 c67014d67014 00102ddc4070a31b31d2026-02-10eBHART BHRTI PRKSHNg280.00i675l0p31-B-4955r2026-02-10w2026-02-10y02 00102ddc4070a31b31d2026-02-10eBHART BHRTI PRKSHNg280.00i675l0p31-B-4956r2026-02-10w2026-02-10y02 00102ddc4070a31b31d2026-02-10eBHART BHRTI PRKSHNg280.00i675l0p31-B-4957r2026-02-10w2026-02-10y02 00102ddc4070a31b31d2026-02-10eBHART BHRTI PRKSHNg280.00i675l1p31-B-4958q2026-07-31r2026-03-19s2026-03-19w2026-02-10y02 00102ddc4070a31b31d2026-02-10eBHART BHRTI PRKSHNg280.00i675l1p31-B-4959q2026-07-31r2026-03-18s2026-03-18w2026-02-10y02 00102ddc4070a31b31d2026-02-10eBHART BHRTI PRKSHNg280.00i675l1p31-B-4960q2026-07-31r2026-04-20s2026-04-20w2026-02-10y02 00102ddc4070a31b31d2026-02-10eBHART BHRTI PRKSHNg280.00i675l1p31-B-4961q2026-07-31r2026-04-17s2026-04-17w2026-02-10y02 00102ddc4070a31b31d2026-02-10eBHART BHRTI PRKSHNg280.00i675l1p31-B-4962q2026-07-31r2026-02-20s2026-02-20w2026-02-10y02 00102ddc4070a31b31d2026-02-10eBHART BHRTI PRKSHNg280.00i675l1p31-B-4963q2026-07-31r2026-02-20s2026-02-20w2026-02-10y02 00102ddc4070a31b31d2026-02-10eBHART BHRTI PRKSHNg280.00i675l1p31-B-4964q2026-07-31r2026-02-20s2026-02-20w2026-02-10y02 00102ddc4070a31b31d2026-02-10eBHART BHRTI PRKSHNg280.00i675l1p31-B-4965q2026-07-31r2026-02-20s2026-02-20w2026-02-10y02 00102ddc4070a31b31d2026-02-10eBHART BHRTI PRKSHNg280.00i675l1p31-B-4966q2026-07-31r2026-02-18s2026-02-18w2026-02-10y02 00102ddc4070a31b31d2026-02-10eBHART BHRTI PRKSHNg280.00i675l1p31-B-4967q2026-07-31r2026-02-20s2026-02-20w2026-02-10y02 00102ddc4070a31b31d2026-02-10eBHART BHRTI PRKSHNg280.00i675l1p31-B-4968q2026-07-31r2026-02-18s2026-02-18w2026-02-10y02 00102ddc4070a31b31d2026-02-10eBHART BHRTI PRKSHNg280.00i675l0p31-B-4969r2026-02-10w2026-02-10y02 00102ddc4070a31b31d2026-02-10eBHART BHRTI PRKSHNg280.00i675l0p31-B-4970r2026-02-10w2026-02-10y02 00102ddc4070a31b31d2026-02-10eBHART BHRTI PRKSHNg280.00i675l0p31-B-4971r2026-02-10w2026-02-10y02 00102ddc4070a31b31d2026-02-10eBHART BHRTI PRKSHNg280.00i675l0p31-B-4972r2026-02-10w2026-02-10y02 00102ddc4070a31b31d2026-02-10eBHART BHRTI PRKSHNg280.00i675l0p31-B-4973r2026-02-10w2026-02-10y02 00102ddc4070a31b31d2026-02-10eBHART BHRTI PRKSHNg280.00i675l1p31-B-4974q2026-07-31r2026-02-20s2026-02-20w2026-02-10y02 00102ddc4070a31b31d2026-02-10eBHART BHRTI PRKSHNg280.00i675l1p31-B-4975q2026-07-31r2026-02-20s2026-02-20w2026-02-10y02 00102ddc4070a31b31d2026-02-10eBHART BHRTI PRKSHNg280.00i675l1p31-B-4976q2026-07-31r2026-02-20s2026-02-20w2026-02-10y02 00102ddc4070a31b31d2026-02-10eBHART BHRTI PRKSHNg280.00i675l1p31-B-4977q2026-07-31r2026-02-18s2026-02-18w2026-02-10y02 00102ddc4070a31b31d2026-02-10eBHART BHRTI PRKSHNg280.00i675l0p31-B-4978r2026-02-10w2026-02-10y02 00102ddc4070a31b31d2026-02-10eBHART BHRTI PRKSHNg280.00i675l0p31-B-4979r2026-02-10w2026-02-10y02 00102ddc4070a31b31d2026-02-10eBHART BHRTI PRKSHNg280.00i675l0p31-B-4980r2026-02-10w2026-02-10y02 00102ddc4070a31b31d2026-02-10eBHART BHRTI PRKSHNg280.00i675l0p31-B-4981r2026-02-10w2026-02-10y02 00102ddc4070a31b31d2026-02-10eBHART BHRTI PRKSHNg280.00i675l1p31-B-4982q2026-07-31r2026-02-20s2026-02-20w2026-02-10y02 00102ddc4070a31b31d2026-02-10eBHART BHRTI PRKSHNg280.00i675l0p31-B-4983r2026-02-10w2026-02-10y02 00102ddc4070a31b31d2026-02-10eBHART BHRTI PRKSHNg280.00i675l0p31-B-4984r2026-02-10w2026-02-10y02 00102ddc4070a31b31d2026-02-10eBHART BHRTI PRKSHNg280.00i675l1p31-B-4985q2026-07-31r2026-02-20s2026-02-20w2026-02-10y02 00102ddc4070a31b31d2026-02-10eBHART BHRTI PRKSHNg280.00i675l1p31-B-4986q2026-07-31r2026-02-20s2026-02-20w2026-02-10y02 00102ddc4070a31b31d2026-02-10eBHART BHRTI PRKSHNg280.00i675l0p31-B-4987r2026-02-10w2026-02-10y02 00102ddc4070a31b31d2026-02-10eBHART BHRTI PRKSHNg280.00i675l1p31-B-4988q2026-07-31r2026-02-20s2026-02-20w2026-02-10y02 00102ddc4070a31b31d2026-02-10eBHART BHRTI PRKSHNg280.00i675l1p31-B-4989q2026-07-31r2026-03-18s2026-03-18w2026-02-10y02 00102ddc4070a31b31d2026-02-10eBHART BHRTI PRKSHNg280.00i675l1p31-B-4990q2026-07-31r2026-02-20s2026-02-20w2026-02-10y02 00102ddc4070a31b31d2026-02-10eBHART BHRTI PRKSHNg280.00i675l1p31-B-4991q2026-07-31r2026-02-20s2026-02-20w2026-02-10y02 00102ddc4070a31b31d2026-02-10eBHART BHRTI PRKSHNg280.00i675l1p31-B-4992q2026-07-31r2026-02-20s2026-02-20w2026-02-10y02 00102ddc4070a31b31d2026-02-10eBHART BHRTI PRKSHNg280.00i675l1p31-B-4993q2026-07-31r2026-02-20s2026-02-20w2026-02-10y02 00102ddc4070a31b31d2026-02-10eBHART BHRTI PRKSHNg280.00i675l1p31-B-4994q2026-07-31r2026-02-20s2026-02-20w2026-02-10y02 00102ddc4070a31b31d2026-02-10eBHART BHRTI PRKSHNg280.00i675l1p31-B-4995q2026-07-31r2026-02-20s2026-02-20w2026-02-10y02 00102ddc4070a31b31d2026-02-10eBHART BHRTI PRKSHNg280.00i675l1p31-B-4996q2026-07-31r2026-02-18s2026-02-18w2026-02-10y02 00102ddc4070a31b31d2026-02-10eBHART BHRTI PRKSHNg280.00i675l1p31-B-4997q2026-07-31r2026-02-17s2026-02-17w2026-02-10y02 00102ddc4070a31b31d2026-02-10eBHART BHRTI PRKSHNg280.00i675l1p31-B-4998q2026-07-31r2026-02-12s2026-02-12w2026-02-10y02 00102ddc4070a31b31d2026-02-10eBHART BHRTI PRKSHNg280.00i675l0p31-B-4999r2026-02-10w2026-02-10y02 00102ddc4070a31b31d2026-02-10eBHART BHRTI PRKSHNg280.00i675l1p31-B-5000q2026-07-31r2026-04-24s2026-04-24w2026-02-10y02 00102ddc4070a31b31d2026-02-10eBHART BHRTI PRKSHNg280.00i675l1p31-B-5001q2026-07-31r2026-04-27s2026-04-27w2026-02-10y02 00102ddc4070a31b31d2026-02-10eBHART BHRTI PRKSHNg280.00i675l0p31-B-5002r2026-02-10w2026-02-10y02 00102ddc4070a31b31d2026-02-10eBHART BHRTI PRKSHNg280.00i675l0p31-B-5003r2026-02-10w2026-02-10y02 00102ddc4070a31b31d2026-02-10eBHART BHRTI PRKSHNg280.00i675l0p31-B-5004r2026-02-10w2026-02-10y02 00102ddc4070a31b31d2026-02-10eBHART BHRTI PRKSHNg280.00i675l0p31-B-5005r2026-02-10w2026-02-10y02 00102ddc4070a31b31d2026-02-10eBHART BHRTI PRKSHNg280.00i675l1p31-B-5006q2026-07-31r2026-02-20s2026-02-20w2026-02-10y02 00102ddc4070a31b31d2026-02-10eBHART BHRTI PRKSHNg280.00i675l1p31-B-5007q2026-07-31r2026-02-20s2026-02-20w2026-02-10y02 00102ddc4070a31b31d2026-02-10eBHART BHRTI PRKSHNg280.00i675l1p31-B-5008q2026-07-31r2026-02-19s2026-02-19w2026-02-10y02 00102ddc4070a31b31d2026-02-10eBHART BHRTI PRKSHNg280.00i675l1p31-B-5009q2026-07-31r2026-02-20s2026-02-20w2026-02-10y02 00102ddc4070a31b31d2026-02-10eBHART BHRTI PRKSHNg280.00i675l0p31-B-5010r2026-02-10w2026-02-10y02 00102ddc4070a31b31d2026-02-10eBHART BHRTI PRKSHNg280.00i675l1p31-B-5011q2026-07-31r2026-02-20s2026-02-20w2026-02-10y02 00102ddc4070a31b31d2026-02-10eBHART BHRTI PRKSHNg280.00i675l1p31-B-5012q2026-07-31r2026-02-20s2026-02-20w2026-02-10y02 00102ddc4070a31b31d2026-02-10eBHART BHRTI PRKSHNg280.00i675l0p31-B-5013r2026-02-10w2026-02-10y02 00102ddc4070a31b31d2026-02-10eBHART BHRTI PRKSHNg280.00i675l0p31-B-5014r2026-02-10w2026-02-10y02 00102ddc4070a31b31d2026-02-10eBHART BHRTI PRKSHNg280.00i675l1p31-B-5015q2026-07-31r2026-02-20s2026-02-20w2026-02-10y02 00102ddc4070a31b31d2026-02-10eBHART BHRTI PRKSHNg280.00i675l1p31-B-5016q2026-07-31r2026-02-20s2026-02-20w2026-02-10y02 00102ddc4070a31b31d2026-02-10eBHART BHRTI PRKSHNg280.00i675l0p31-B-5017r2026-02-10w2026-02-10y02 00102ddc4070a31b31d2026-02-10eBHART BHRTI PRKSHNg280.00i675l0p31-B-5018r2026-02-10w2026-02-10y02 00102ddc4070a31b31d2026-02-10eBHART BHRTI PRKSHNg280.00i675l0p31-B-5019r2026-02-10w2026-02-10y02 00102ddc4070a31b31d2026-02-10eBHART BHRTI PRKSHNg280.00i675l1p31-B-5020q2026-07-31r2026-04-27s2026-04-27w2026-02-10y02 00102ddc4070a31b31d2026-02-10eBHART BHRTI PRKSHNg280.00i675l0p31-B-5021r2026-02-10w2026-02-10y02 00102ddc4070a31b31d2026-02-10eBHART BHRTI PRKSHNg280.00i675l0p31-B-5022r2026-02-10w2026-02-10y02 00102ddc4070a31b31d2026-02-10eBHART BHRTI PRKSHNg280.00i675l1p31-B-5023q2026-07-31r2026-04-28s2026-04-28w2026-02-10y02 00102ddc4070a31b31d2026-02-10eBHART BHRTI PRKSHNg280.00i675l0p31-B-5024r2026-02-10w2026-02-10y02 00102ddc4070a31b31d2026-02-10eBHART BHRTI PRKSHNg280.00i675l0p31-B-5025r2026-02-10w2026-02-10y02 00102ddc4070a31b31d2026-02-10eBHART BHRTI PRKSHNg280.00i675l1p31-B-5026q2026-07-31r2026-03-18s2026-03-18w2026-02-10y02 00102ddc4070a31b31d2026-02-10eBHART BHRTI PRKSHNg280.00i675l1p31-B-5027q2026-07-31r2026-03-18s2026-03-18w2026-02-10y02 00102ddc4070a31b31d2026-02-10eBHART BHRTI PRKSHNg280.00i675l1p31-B-5028q2026-07-31r2026-03-18s2026-03-18w2026-02-10y02 00102ddc4070a31b31d2026-02-10eBHART BHRTI PRKSHNg280.00i675l0p31-B-5029r2026-02-10w2026-02-10y02 00102ddc4070a31b31d2026-02-10eBHART BHRTI PRKSHNg280.00i675l0p31-B-5030r2026-02-10w2026-02-10y02 00102ddc4070a31b31d2026-02-10eBHART BHRTI PRKSHNg280.00i675l0p31-B-5031r2026-02-10w2026-02-10y02 00102ddc4070a31b31d2026-02-10eBHART BHRTI PRKSHNg280.00i675l1p31-B-5032q2026-07-31r2026-03-12s2026-03-12w2026-02-10y02 00102ddc4070a31b31d2026-02-10eBHART BHRTI PRKSHNg280.00i675l1p31-B-5033q2026-07-31r2026-03-12s2026-03-12w2026-02-10y02 00102ddc4070a31b31d2026-02-10eBHART BHRTI PRKSHNg280.00i675l0p31-B-5034r2026-02-10w2026-02-10y02 00102ddc4070a31b31d2026-02-10eBHART BHRTI PRKSHNg280.00i675l0p31-B-5035r2026-02-10w2026-02-10y02 00102ddc4070a31b31d2026-02-10eBHART BHRTI PRKSHNg280.00i675l1p31-B-5036q2026-07-31r2026-03-13s2026-03-13w2026-02-10y02 00102ddc4070a31b31d2026-02-10eBHART BHRTI PRKSHNg280.00i675l1p31-B-5037q2026-07-31r2026-03-18s2026-03-18w2026-02-10y02 00102ddc4070a31b31d2026-02-10eBHART BHRTI PRKSHNg280.00i675l1p31-B-5038q2026-07-31r2026-03-12s2026-03-12w2026-02-10y02 00102ddc4070a31b31d2026-02-10eBHART BHRTI PRKSHNg280.00i675l1p31-B-5039q2026-07-31r2026-04-06s2026-04-06w2026-02-10y02 00102ddc4070a31b31d2026-02-10eBHART BHRTI PRKSHNg280.00i675l0p31-B-5040r2026-02-10w2026-02-10y02 00102ddc4070a31b31d2026-02-10eBHART BHRTI PRKSHNg280.00i675l0p31-B-5041r2026-02-10w2026-02-10y02 00102ddc4070a31b31d2026-02-10eBHART BHRTI PRKSHNg280.00i675l1p31-B-5042q2026-07-31r2026-04-07s2026-04-07w2026-02-10y02 00102ddc4070a31b31d2026-02-10eBHART BHRTI PRKSHNg280.00i675l1p31-B-5043q2026-07-31r2026-04-20s2026-04-20w2026-02-10y02 00102ddc4070a31b31d2026-02-10eBHART BHRTI PRKSHNg280.00i675l1p31-B-5044q2026-07-31r2026-04-20s2026-04-20w2026-02-10y02 00102ddc4070a31b31d2026-02-10eBHART BHRTI PRKSHNg280.00i675l1p31-B-5045q2026-07-31r2026-04-24s2026-04-24w2026-02-10y02 00102ddc4070a31b31d2026-02-10eBHART BHRTI PRKSHNg280.00i675l0p31-B-5046r2026-02-10w2026-02-10y02 00102ddc4070a31b31d2026-02-10eBHART BHRTI PRKSHNg280.00i675l0p31-B-5047r2026-02-10w2026-02-10y02 00102ddc4070a31b31d2026-02-10eBHART BHRTI PRKSHNg280.00i675l1p31-B-5048q2026-07-31r2026-04-27s2026-04-27w2026-02-10y02 00102ddc4070a31b31d2026-02-10eBHART BHRTI PRKSHNg280.00i675l1p31-B-5049q2026-07-31r2026-03-19s2026-03-19w2026-02-10y02 00102ddc4070a31b31d2026-02-10eBHART BHRTI PRKSHNg280.00i675l1p31-B-5050q2026-07-31r2026-03-18s2026-03-18w2026-02-10y02 00102ddc4070a31b31d2026-02-10eBHART BHRTI PRKSHNg280.00i675l0p31-B-5051r2026-02-10w2026-02-10y02 00102ddc4070a31b31d2026-02-10eBHART BHRTI PRKSHNg280.00i675l1p31-B-5052q2026-07-31r2026-04-07s2026-04-07w2026-02-10y02 00102ddc4070a31b31d2026-02-10eBHART BHRTI PRKSHNg280.00i675l1p31-B-5053q2026-07-31r2026-04-06s2026-04-06w2026-02-10y02 00102ddc4070a31b31d2026-02-10eBHART BHRTI PRKSHNg280.00i675l1p31-B-5054q2026-07-31r2026-04-20s2026-04-20w2026-02-10y02 00102ddc4070a31b31d2026-02-10eBHART BHRTI PRKSHNg280.00i675l1p31-B-5055q2026-07-31r2026-04-20s2026-04-20w2026-02-10y02 00102ddc4070a31b31d2026-02-10eBHART BHRTI PRKSHNg280.00i675l0p31-B-5056r2026-02-10w2026-02-10y02 00102ddc4070a31b31d2026-02-10eBHART BHRTI PRKSHNg280.00i675l0p31-B-5057r2026-02-10w2026-02-10y02 00102ddc4070a31b31d2026-02-10eBHART BHRTI PRKSHNg280.00i675l0p31-B-5058r2026-02-10w2026-02-10y02 00102ddc4070a31b31d2026-02-10eBHART BHRTI PRKSHNg280.00i675l0p31-B-5059r2026-02-10w2026-02-10y02 00102ddc4070a31b31d2026-02-10eBHART BHRTI PRKSHNg280.00i675l1p31-B-5060q2026-07-31r2026-03-13s2026-03-13w2026-02-10y02 00102ddc4070a31b31d2026-02-10eBHART BHRTI PRKSHNg280.00i675l1p31-B-5061q2026-07-31r2026-03-12s2026-03-12w2026-02-10y02 00102ddc4070a31b31d2026-02-10eBHART BHRTI PRKSHNg280.00i675l0p31-B-5062r2026-02-10w2026-02-10y02 00102ddc4070a31b31d2026-02-10eBHART BHRTI PRKSHNg280.00i675l1p31-B-5063q2026-07-31r2026-03-12s2026-03-12w2026-02-10y02 00102ddc4070a31b31d2026-02-10eBHART BHRTI PRKSHNg280.00i675l1p31-B-5064q2026-07-31r2026-03-12s2026-03-12w2026-02-10y02 00102ddc4070a31b31d2026-02-10eBHART BHRTI PRKSHNg280.00i675l2p31-B-5065q2026-07-31r2026-04-24s2026-04-24w2026-02-10y02 00102ddc4070a31b31d2026-02-10eBHART BHRTI PRKSHNg280.00i675l0p31-B-5066r2026-02-10w2026-02-10y02 00102ddc4070a31b31d2026-02-10eBHART BHRTI PRKSHNg280.00i675l1p31-B-5067q2026-07-31r2026-03-12s2026-03-12w2026-02-10y02 00102ddc4070a31b31d2026-02-10eBHART BHRTI PRKSHNg280.00i675l1p31-B-5068q2026-07-31r2026-03-13s2026-03-13w2026-02-10y02 00102ddc4070a31b31d2026-02-10eBHART BHRTI PRKSHNg280.00i675l0p31-B-5069r2026-02-10w2026-02-10y02 00102ddc4070a31b31d2026-02-10eBHART BHRTI PRKSHNg280.00i675l1p31-B-5070q2026-07-31r2026-03-13s2026-03-13w2026-02-10y02 00102ddc4070a31b31d2026-02-10eBHART BHRTI PRKSHNg280.00i675l0p31-B-5071r2026-02-10w2026-02-10y02 00102ddc4070a31b31d2026-02-10eBHART BHRTI PRKSHNg280.00i675l1p31-B-5072q2026-07-31r2026-02-23s2026-02-23w2026-02-10y02 00102ddc4070a31b31d2026-02-10eBHART BHRTI PRKSHNg280.00i675l0p31-B-5073r2026-02-10w2026-02-10y02 00102ddc4070a31b31d2026-02-10eBHART BHRTI PRKSHNg280.00i675l1p31-B-5074q2026-07-31r2026-03-18s2026-03-18w2026-02-10y02 00102ddc4070a31b31d2026-02-10eBHART BHRTI PRKSHNg280.00i675l0p31-B-5075r2026-02-10w2026-02-10y02 00102ddc4070a31b31d2026-02-10eBHART BHRTI PRKSHNg280.00i675l1p31-B-5076q2026-07-31r2026-02-23s2026-02-23w2026-02-10y02 00102ddc4070a31b31d2026-02-10eBHART BHRTI PRKSHNg280.00i675l0p31-B-5077r2026-02-10w2026-02-10y02 00102ddc4070a31b31d2026-02-10eBHART BHRTI PRKSHNg280.00i675l0p31-B-5078r2026-02-10w2026-02-10y02 00102ddc4070a31b31d2026-02-10eBHART BHRTI PRKSHNg280.00i675l1p31-B-5079q2026-07-31r2026-03-12s2026-03-12w2026-02-10y02 00102ddc4070a31b31d2026-02-10eBHART BHRTI PRKSHNg280.00i675l1p31-B-5080q2026-07-31r2026-03-18s2026-03-18w2026-02-10y02 00102ddc4070a31b31d2026-02-10eBHART BHRTI PRKSHNg280.00i675l1p31-B-5081q2026-07-31r2026-04-24s2026-04-24w2026-02-10y02 00102ddc4070a31b31d2026-02-10eBHART BHRTI PRKSHNg280.00i675l1p31-B-5082q2026-07-31r2026-04-21s2026-04-21w2026-02-10y02 00102ddc4070a31b31d2026-02-10eBHART BHRTI PRKSHNg280.00i675l1p31-B-5083q2026-07-31r2026-03-12s2026-03-12w2026-02-10y02 00102ddc4070a31b31d2026-02-10eBHART BHRTI PRKSHNg280.00i675l1p31-B-5084q2026-07-31r2026-03-12s2026-03-12w2026-02-10y02 00102ddc4070a31b31d2026-02-10eBHART BHRTI PRKSHNg280.00i675l0p31-B-5085r2026-02-10w2026-02-10y02 00102ddc4070a31b31d2026-02-10eBHART BHRTI PRKSHNg280.00i675l0p31-B-5086r2026-02-10w2026-02-10y02 00102ddc4070a31b31d2026-02-10eBHART BHRTI PRKSHNg280.00i675l1p31-B-5087q2026-07-31r2026-03-12s2026-03-12w2026-02-10y02 00102ddc4070a31b31d2026-02-10eBHART BHRTI PRKSHNg280.00i675l0p31-B-5088r2026-02-10w2026-02-10y02 00102ddc4070a31b31d2026-02-10eBHART BHRTI PRKSHNg280.00i675l1p31-B-5089q2026-07-31r2026-04-21s2026-04-21w2026-02-10y02 00102ddc4070a31b31d2026-02-10eBHART BHRTI PRKSHNg280.00i675l1p31-B-5090q2026-07-31r2026-02-27s2026-02-27w2026-02-10y02 00102ddc4070a31b31d2026-02-10eBHART BHRTI PRKSHNg280.00i675l0p31-B-5091r2026-02-10w2026-02-10y02 00102ddc4070a31b31d2026-02-10eBHART BHRTI PRKSHNg280.00i675l0p31-B-5092r2026-02-10w2026-02-10y02 00102ddc4070a31b31d2026-02-10eBHART BHRTI PRKSHNg280.00i675l1p31-B-5093q2026-07-31r2026-04-27s2026-04-27w2026-02-10y02 00102ddc4070a31b31d2026-02-10eBHART BHRTI PRKSHNg280.00i675l0p31-B-5094r2026-02-10w2026-02-10y02 00102ddc4070a31b31d2026-02-10eBHART BHRTI PRKSHNg280.00i675l1p31-B-5095q2026-07-31r2026-04-20s2026-04-20w2026-02-10y02 00102ddc4070a31b31d2026-02-10eBHART BHRTI PRKSHNg280.00i675l0p31-B-5096r2026-02-10w2026-02-10y02 00102ddc4070a31b31d2026-02-10eBHART BHRTI PRKSHNg280.00i675l0p31-B-5097r2026-02-10w2026-02-10y02 00102ddc4070a31b31d2026-02-10eBHART BHRTI PRKSHNg280.00i675l1p31-B-5098q2026-07-31r2026-03-12s2026-03-12w2026-02-10y02 00102ddc4070a31b31d2026-02-10eBHART BHRTI PRKSHNg280.00i675l0p31-B-5099r2026-02-10w2026-02-10y02 00102ddc4070a31b31d2026-02-10eBHART BHRTI PRKSHNg280.00i675l1p31-B-5100q2026-07-31r2026-04-20s2026-04-20w2026-02-10y02 00102ddc4070a31b31d2026-02-10eBHART BHRTI PRKSHNg280.00i675l1p31-B-5101q2026-07-31r2026-03-12s2026-03-12w2026-02-10y02 00102ddc4070a31b31d2026-02-10eBHART BHRTI PRKSHNg280.00i675l0p31-B-5102r2026-02-10w2026-02-10y02 00102ddc4070a31b31d2026-02-10eBHART BHRTI PRKSHNg280.00i675l0p31-B-5103r2026-02-10w2026-02-10y02 00102ddc4070a31b31d2026-02-10eBHART BHRTI PRKSHNg280.00i675l0p31-B-5104r2026-02-10w2026-02-10y02 00102ddc4070a31b31d2026-02-10eBHART BHRTI PRKSHNg280.00i675l0p31-B-5105r2026-02-10w2026-02-10y02 00102ddc4070a31b31d2026-02-10eBHART BHRTI PRKSHNg280.00i675l0p31-B-5106r2026-02-10w2026-02-10y02 00102ddc4070a31b31d2026-02-10eBHART BHRTI PRKSHNg280.00i675l0p31-B-5107r2026-02-10w2026-02-10y02 00102ddc4070a31b31d2026-02-10eBHART BHRTI PRKSHNg280.00i675l0p31-B-5108r2026-02-10w2026-02-10y02 00102ddc4070a31b31d2026-02-10eBHART BHRTI PRKSHNg280.00i675l1p31-B-5109q2026-07-31r2026-04-24s2026-04-24w2026-02-10y02 00102ddc4070a31b31d2026-02-10eBHART BHRTI PRKSHNg280.00i675l1p31-B-5110q2026-07-31r2026-04-24s2026-04-24w2026-02-10y02 00102ddc4070a31b31d2026-02-10eBHART BHRTI PRKSHNg280.00i675l0p31-B-5111r2026-02-10w2026-02-10y02 00102ddc4070a31b31d2026-02-10eBHART BHRTI PRKSHNg280.00i675l1p31-B-5112q2026-07-31r2026-04-23s2026-04-23w2026-02-10y02 00102ddc4070a31b31d2026-02-10eBHART BHRTI PRKSHNg280.00i675l1p31-B-5113q2026-07-31r2026-03-18s2026-03-18w2026-02-10y02 00102ddc4070a31b31d2026-02-10eBHART BHRTI PRKSHNg280.00i675l0p31-B-5114r2026-02-10w2026-02-10y02 00102ddc4070a31b31d2026-02-10eBHART BHRTI PRKSHNg280.00i675l0p31-B-5115r2026-02-10w2026-02-10y02 00102ddc4070a31b31d2026-02-10eBHART BHRTI PRKSHNg280.00i675l1p31-B-5116q2026-07-31r2026-02-20s2026-02-20w2026-02-10y02 00102ddc4070a31b31d2026-02-10eBHART BHRTI PRKSHNg280.00i675l0p31-B-5117r2026-02-10w2026-02-10y02 00102ddc4070a31b31d2026-02-10eBHART BHRTI PRKSHNg280.00i675l0p31-B-5118r2026-02-10w2026-02-10y02 00102ddc4070a31b31d2026-02-10eBHART BHRTI PRKSHNg280.00i675l1p31-B-5119q2026-07-31r2026-02-23s2026-02-23w2026-02-10y02 00102ddc4070a31b31d2026-02-10eBHART BHRTI PRKSHNg280.00i675l0p31-B-5120r2026-02-10w2026-02-10y02 00102ddc4070a31b31d2026-02-10eBHART BHRTI PRKSHNg280.00i675l0p31-B-5121r2026-02-10w2026-02-10y02 00102ddc4070a31b31d2026-02-10eBHART BHRTI PRKSHNg280.00i675l0p31-B-5122r2026-02-10w2026-02-10y02 00102ddc4070a31b31d2026-02-10eBHART BHRTI PRKSHNg280.00i675l0p31-B-5123r2026-02-10w2026-02-10y02 00102ddc4070a31b31d2026-02-10eBHART BHRTI PRKSHNg280.00i675l1p31-B-5124q2026-07-31r2026-04-07s2026-04-07w2026-02-10y02 00102ddc4070a31b31d2026-02-10eBHART BHRTI PRKSHNg280.00i675l1p31-B-5125r2026-03-19s2026-03-19w2026-02-10y02 00102ddc4070a31b31d2026-02-10eBHART BHRTI PRKSHNg280.00i675l1p31-B-5126q2026-07-31r2026-04-24s2026-04-24w2026-02-10y02 00102ddc4070a31b31d2026-02-10eBHART BHRTI PRKSHNg280.00i675l0p31-B-5127r2026-02-10w2026-02-10y02 00102ddc4070a31b31d2026-02-10eBHART BHRTI PRKSHNg280.00i675l0p31-B-5128r2026-02-10w2026-02-10y02 00102ddc4070a31b31d2026-02-10eBHART BHRTI PRKSHNg280.00i675l0p31-B-5129r2026-02-10w2026-02-10y02 00102ddc4070a31b31d2026-02-10eBHART BHRTI PRKSHNg280.00i675l0p31-B-5130r2026-02-10w2026-02-10y02 00102ddc4070a31b31d2026-02-10eBHART BHRTI PRKSHNg280.00i675l0p31-B-5131r2026-02-10w2026-02-10y02 00102ddc4070a31b31d2026-02-10eBHART BHRTI PRKSHNg280.00i675l1p31-B-5132q2026-07-31r2026-04-16s2026-04-16w2026-02-10y02 00102ddc4070a31b31d2026-02-10eBHART BHRTI PRKSHNg280.00i675l0p31-B-5133r2026-02-10w2026-02-10y02 00102ddc4070a31b31d2026-02-10eBHART BHRTI PRKSHNg280.00i675l0p31-B-5134r2026-02-10w2026-02-10y02 00102ddc4070a31b31d2026-02-10eBHART BHRTI PRKSHNg280.00i675l1p31-B-5135q2026-07-31r2026-03-19s2026-03-19w2026-02-10y02 00102ddc4070a31b31d2026-02-10eBHART BHRTI PRKSHNg280.00i675l0p31-B-5136r2026-02-10w2026-02-10y02 00102ddc4070a31b31d2026-02-10eBHART BHRTI PRKSHNg280.00i675l0p31-B-5137r2026-02-10w2026-02-10y02 00102ddc4070a31b31d2026-02-10eBHART BHRTI PRKSHNg280.00i675l0p31-B-5138r2026-02-10w2026-02-10y02 00102ddc4070a31b31d2026-02-10eBHART BHRTI PRKSHNg280.00i675l0p31-B-5139r2026-02-10w2026-02-10y02 00102ddc4070a31b31d2026-02-10eBHART BHRTI PRKSHNg280.00i675l0p31-B-5140r2026-02-10w2026-02-10y02 00102ddc4070a31b31d2026-02-10eBHART BHRTI PRKSHNg280.00i675l0p31-B-5141r2026-02-10w2026-02-10y02 00102ddc4070a31b31d2026-02-10eBHART BHRTI PRKSHNg280.00i675l1p31-B-5142q2026-07-31r2026-05-01s2026-05-01w2026-02-10y02 00102ddc4070a31b31d2026-02-10eBHART BHRTI PRKSHNg280.00i675l1p31-B-5143q2026-07-31r2026-04-01s2026-04-01w2026-02-10y02 00102ddc4070a31b31d2026-02-10eBHART BHRTI PRKSHNg280.00i675l0p31-B-5144r2026-02-10w2026-02-10y02 00102ddc4070a31b31d2026-02-10eBHART BHRTI PRKSHNg280.00i675l0p31-B-5145r2026-02-10w2026-02-10y02 00102ddc4070a31b31d2026-02-10eBHART BHRTI PRKSHNg280.00i675l0p31-B-5146r2026-02-10w2026-02-10y02 00102ddc4070a31b31d2026-02-10eBHART BHRTI PRKSHNg280.00i675l0p31-B-5147r2026-02-10w2026-02-10y02 00102ddc4070a31b31d2026-02-10eBHART BHRTI PRKSHNg280.00i675l0p31-B-5148r2026-02-10w2026-02-10y02 00102ddc4070a31b31d2026-02-10eBHART BHRTI PRKSHNg280.00i675l0p31-B-5149r2026-02-10w2026-02-10y02 00102ddc4070a31b31d2026-02-10eBHART BHRTI PRKSHNg280.00i675l1p31-B-5150q2026-07-31r2026-02-18s2026-02-18w2026-02-10y02 00102ddc4070a31b31d2026-02-10eBHART BHRTI PRKSHNg280.00i675l1p31-B-5151q2026-07-31r2026-02-18s2026-02-18w2026-02-10y02 00102ddc4070a31b31d2026-02-10eBHART BHRTI PRKSHNg280.00i675l1p31-B-5152q2026-07-31r2026-02-18s2026-02-18w2026-02-10y02 00102ddc4070a31b31d2026-02-10eBHART BHRTI PRKSHNg280.00i675l1p31-B-5153q2026-07-31r2026-02-19s2026-02-19w2026-02-10y02 00102ddc4070a31b31d2026-02-10eBHART BHRTI PRKSHNg280.00i675l0p31-B-5154r2026-02-10w2026-02-10y02 00102ddc4070a31b31d2026-02-10eBHART BHRTI PRKSHNg280.00i675l0p31-B-5155r2026-02-10w2026-02-10y02 00102ddc4070a31b31d2026-02-10eBHART BHRTI PRKSHNg280.00i675l0p31-B-5156r2026-02-10w2026-02-10y02 00102ddc4070a31b31d2026-02-10eBHART BHRTI PRKSHNg280.00i675l0p31-B-5157r2026-02-10w2026-02-10y02 00102ddc4070a31b31d2026-02-10eBHART BHRTI PRKSHNg280.00i675l1p31-B-5158q2026-07-31r2026-02-17s2026-02-17w2026-02-10y02 00102ddc4070a31b31d2026-02-10eBHART BHRTI PRKSHNg280.00i675l0p31-B-5159r2026-02-10w2026-02-10y02 00102ddc4070a31b31d2026-02-10eBHART BHRTI PRKSHNg280.00i675l1p31-B-5160q2026-07-31r2026-02-17s2026-02-17w2026-02-10y02 00102ddc4070a31b31d2026-02-10eBHART BHRTI PRKSHNg280.00i675l0p31-B-5161r2026-02-10w2026-02-10y02 00102ddc4070a31b31d2026-02-10eBHART BHRTI PRKSHNg280.00i675l2p31-B-5162q2026-07-31r2026-02-27s2026-02-27w2026-02-10y02 00102ddc4070a31b31d2026-02-10eBHART BHRTI PRKSHNg280.00i675l0p31-B-5163r2026-02-10w2026-02-10y02 00102ddc4070a31b31d2026-02-10eBHART BHRTI PRKSHNg280.00i675l0p31-B-5164r2026-02-10w2026-02-10y02 00102ddc4070a31b31d2026-02-10eBHART BHRTI PRKSHNg280.00i675l1p31-B-5165q2026-07-31r2026-03-12s2026-03-12w2026-02-10y02 00102ddc4070a31b31d2026-02-10eBHART BHRTI PRKSHNg280.00i675l0p31-B-5166r2026-02-10w2026-02-10y02 00102ddc4070a31b31d2026-02-10eBHART BHRTI PRKSHNg280.00i675l1p31-B-5167q2026-07-31r2026-02-19s2026-02-19w2026-02-10y02 00102ddc4070a31b31d2026-02-10eBHART BHRTI PRKSHNg280.00i675l0p31-B-5168r2026-02-10w2026-02-10y02 00102ddc4070a31b31d2026-02-10eBHART BHRTI PRKSHNg280.00i675l0p31-B-5169r2026-02-10w2026-02-10y02 00102ddc4070a31b31d2026-02-10eBHART BHRTI PRKSHNg280.00i675l0p31-B-5170r2026-02-10w2026-02-10y02 00102ddc4070a31b31d2026-02-10eBHART BHRTI PRKSHNg280.00i675l0p31-B-5171r2026-02-10w2026-02-10y02 00102ddc4070a31b31d2026-02-10eBHART BHRTI PRKSHNg280.00i675l0p31-B-5172r2026-02-10w2026-02-10y02 00102ddc4070a31b31d2026-02-10eBHART BHRTI PRKSHNg280.00i675l1p31-B-5173q2026-07-31r2026-04-21s2026-04-21w2026-02-10y02 00102ddc4070a31b31d2026-02-10eBHART BHRTI PRKSHNg280.00i675l1p31-B-5174q2026-07-31r2026-03-19s2026-03-19w2026-02-10y02 00102ddc4070a31b31d2026-02-10eBHART BHRTI PRKSHNg280.00i675l0p31-B-5175r2026-02-10w2026-02-10y02 00102ddc4070a31b31d2026-02-10eBHART BHRTI PRKSHNg280.00i675l1p31-B-5176q2026-07-31r2026-04-20s2026-04-20w2026-02-10y02 00102ddc4070a31b31d2026-02-10eBHART BHRTI PRKSHNg280.00i675l0p31-B-5177r2026-02-10w2026-02-10y02 00102ddc4070a31b31d2026-02-10eBHART BHRTI PRKSHNg280.00i675l0p31-B-5178r2026-02-10w2026-02-10y02 00102ddc4070a31b31d2026-02-10eBHART BHRTI PRKSHNg280.00i675l0p31-B-5179r2026-02-10w2026-02-10y02